[Event "ACL-A051"]
[Site "www.playchess.de"]
[Date "2001.04.10"]
[Round "11"]
[White "Brrrr"]
[Black "Goofy"]
[WhiteElo "1500"]
[BlackElo "1741"]
[PlyCount "121"]
[Result "1/2-1/2"]

1.d4 Nf6 2.c4 c5 3.d5 e6 4.Nc3 exd5 5.cxd5 d6 6.e4 
g6 7.f4 Bg7 8.Nf3 O-O 9.Be2 Re8 10.e5 dxe5 11.fxe5 
Ng4 12.Bg5 Qb6 13.O-O Nxe5 14.Nxe5 Bxe5 15.Bc4 
Qxb2 16.Qf3 Bf5 17.Rac1 Bd4+ 18.Kh1 Nd7 19.Bb5 Ne5 
20.Qg3 Ng4 21.Bxe8 Rxe8 22.h3 Nf2+ 23.Kh2 Nd3 
24.Rcb1 Be5 25.Qxe5 Rxe5 26.Rxb2 Nxb2 27.Rxf5 gxf5 
28.d6 Re6 29.d7 Rd6 30.d8Q+ Rxd8 31.Bxd8 Nd3 32.a4 
b6 33.Bc7 Nb4 34.Kg3 Kg7 35.Kf3 Kf6 36.Nb5 Nc6 
37.Nxa7 Nxa7 38.Bxb6 Nc6 39.Bxc5 Ke5 40.Bb6 Nb4 
41.a5 Na6 42.g3 {Let's play on and see what 
happens. :-)}  f6 {ok.......}  43.Be3 h5 44.Bd2 
Nc5 45.Bc3+ Ke6 46.Kf4 Na6 47.Bd4 Nb4 48.Kf3 Na6 
49.Ke3 Nb4 50.Bc5 Na6 51.Bb6 Ke5 52.Bd4+ Ke6 
53.Kd3 f4 54.gxf4 Kf5 55.Be3 Nb8 56.Kc4 Ke4 57.Bd4 
Nc6 58.Bxf6 {Have I messed this up?}  Nxa5+ {I 
hope!?}  59.Kb5 Nb3 60.Kb4 {I'd like to play a few 
more moves, if you don't mind. It might indeed be 
a draw.}  Nc1 61.Kc4 {Okay, peace. My B gets your 
pawn one way or another.}  1/2-1/2

[Event "HCL-C154"]
[Site "www.playchess.de"]
[Date "2001.04.10"]
[Round "9"]
[White "Chill"]
[Black "dg"]
[WhiteElo "466"]
[BlackElo "1208"]
[PlyCount "58"]
[Result "0-1"]

1.c4 e5 2.Nc3 Nf6 3.g3 g6 4.Bg2 Bg7 5.d3 O-O 6.Nf3 
d6 7.O-O Nc6 8.Nd2 Be6 9.Nde4 Qe7 10.Bg5 h6 
11.Nxf6+ Bxf6 12.Bxh6 Rfd8 13.Bd2 Kg7 14.f4 Rdh8 
15.fxe5 Bxe5 16.Nd5 Qd7 17.Bf4 Bxb2 18.Rb1 Bd4+ 
19.e3 Bc5 20.d4 Bb6 21.Nxb6 axb6 22.d5 Bg4 23.dxc6 
bxc6 24.Qd4+ Kh7 25.Rf2 c5 26.Qc3 c6 27.h4 Bf5 
28.Rxb6 Rac8 29.Rd2 d5 0-1

[Event "HCL-C164"]
[Site "www.playchess.de"]
[Date "2001.04.10"]
[Round "7"]
[White "MAPS"]
[Black "sonnygarcia"]
[WhiteElo "1000"]
[BlackElo "1103"]
[PlyCount "122"]
[Result "0-1"]

1.e4 {I am sorry it took me so long to start the 
game. Good Luck.}  e6 {no problem, welcome...}  
2.e5 {that was a weird begining.  Good Luck!}  d5 
{It is not  exactly queer. It is called the french 
defense.}  3.d6 cxd6 4.d4 d5 5.c3 Nf6 6.Qb3 Be7 
7.Bf4 {Keep playing}  O-O {I intend to.}  8.Qc2 
{Your last movement was very good.}  b6 {You are 
not having a bad game either. Are you an 
american?}  9.Bd3 {I have lived 15 years in 
Venezuela and Now I am in Florida and I have many 
friends from your country}  Ba6 {That is very 
interesting. You seem very friendly.}  10.Nf3 
{Have you ever been out of your country?}  Bxd3 
{not yet, i am not that rich...}  11.Qxd3 {I 
thought you had been out because you have a very 
good english.}  Ne4 {Most Filipinos , even the 
poorest knows english. We learn it from 
childhood.}  12.Nbd2 {That is good, I had to move 
to USA to be able to learn it.}  Nxd2 {Hablo un 
muy poco espanol.}  13.Nxd2 {Yo hablo espanol muy 
bien. That is my first language}  Bg5 {Espanol es 
tercera lengua.}  14.Qf3 {Do you live in Manila?}  
Bxf4 {no, but i work there.}  15.Qxf4 Nd7 16.O-O 
Nf6 17.Rfe1 Rc8 18.Re3 Qc7 19.Qg5 {How long are 
you going to be on line tonight!}  h6 20.Qe5 Qxe5 
21.Rxe5 Nd7 22.Re2 Rce8 23.b3 g5 24.c4 dxc4 
25.bxc4 Rec8 26.a4 Kg7 27.a5 Rfd8 28.axb6 axb6 
29.g3 Nf6 30.Ra6 Rxd4 31.Rxb6 Nd7 32.Rb4 f6 33.Nf3 
Rd1+ 34.Re1 Rxe1+ 35.Nxe1 Kg6 36.Nd3 Nc5 37.Nxc5 
Rxc5 38.Rb6 e5 39.Rb4 Kf5 40.Kg2 Rc6 41.f3 Ke6 
42.Kh3 h5 43.Kg2 Kd6 44.Kf2 Kc5 45.Ra4 Rb6 46.Ke3 
f5 47.Kd3 {let's finish this game tonight.}  Rb3+ 
48.Ke2 Rb4 49.Rxb4 Kxb4 50.Kd3 Kc5 51.Kc3 f4 
52.gxf4 exf4 53.Kd3 g4 54.Ke4 {What´s up sonny?}  
g3 55.hxg3 fxg3 56.Ke3 h4 57.Ke2 h3 58.Kf1 {that 
was a bad one, why did you do that?}  Kxc4 59.f4 
Kd5 60.f5 Ke5 61.f6 Kxf6 0-1

[Event "HCL-E020"]
[Site "www.playchess.de"]
[Date "2001.04.10"]
[Round "29"]
[White "Pete"]
[Black "Goofy"]
[WhiteElo "1998"]
[BlackElo "2122"]
[PlyCount "56"]
[Result "1/2-1/2"]

1.f4 e5 2.fxe5 d6 3.Nf3 Nc6 4.e4 dxe5 5.Bb5 Bc5 
6.Bxc6+ bxc6 7.d3 Bg4 8.Nc3 Ne7 9.Qe2 Ng6 10.Nd1 
Nh4 11.Be3 Bb6 12.Bxb6 cxb6 13.Ne3 Bxf3 14.gxf3 
Ng6 15.Ng2 Qg5 16.h4 Qh6 17.Qd2 Qxd2+ 18.Kxd2 h5 
19.Ke3 Ke7 20.f4 exf4+ 21.Nxf4 Ne5 22.Rhg1 Ng4+ 
23.Kf3 g6 24.Rae1 Rad8 25.e5 Rhe8 26.e6 Kf6 
27.exf7 Kxf7 28.Ng2 Re5 1/2-1/2

[Event "HCL-C178"]
[Site "www.playchess.de"]
[Date "2001.04.10"]
[Round "6"]
[White "ictus"]
[Black "craigsadler"]
[WhiteElo "1276"]
[BlackElo "354"]
[PlyCount "92"]
[Result "0-1"]

1.e4 c6 2.d4 d5 3.e5 Bf5 4.Nf3 e6 5.Be2 Nd7 6.Be3 
c5 7.c4 Qb6 8.b3 Bxb1 9.Rxb1 O-O-O 10.O-O f5 
11.dxc5 Bxc5 12.Bxc5 Nxc5 13.cxd5 Ne4 14.Rc1+ Kb8 
15.d6 Nxd6 16.exd6 Rxd6 17.Qc2 Rc6 18.Qb2 Nf6 
19.Rxc6 Qxc6 20.Rc1 Qd6 21.a4 Rc8 22.Rxc8+ Kxc8 
23.b4 Ng4 24.b5 Qc5 25.Qd4 Qc1+ 26.Qd1 Qc5 27.Nd4 
e5 28.Bxg4 fxg4 29.Qxg4+ Kb8 30.Ne2 Qc2 31.h3 e4 
32.Qf4+ Kc8 33.Ng3 Qd1+ 34.Kh2 Qxa4 35.Qf8+ Kc7 
36.Qxg7+ Kb6 37.Qd7 Qxb5 38.Qxb5+ Kxb5 39.Kg1 a5 
40.Kf1 a4 41.Ne2 a3 42.Nc1 Kb4 43.Ke2 Kc3 44.Kd1 
Kb2 45.Kd2 a2 46.Nxa2 Kxa2 0-1

[Event "HCL-E024"]
[Site "www.playchess.de"]
[Date "2001.04.10"]
[Round "32"]
[White "lubos"]
[Black "GOUSGOUNIS"]
[WhiteElo "1967"]
[BlackElo "2000"]
[PlyCount "49"]
[Result "1/2-1/2"]

1.e3 Nf6 2.d4 g6 3.c4 Bg7 4.Nc3 d5 5.cxd5 Nxd5 
6.Nf3 O-O 7.Be2 Nxc3 8.bxc3 c5 9.O-O Qc7 10.Rb1 
Nc6 11.d5 Ne5 12.e4 Nxf3+ 13.Bxf3 Bxc3 14.Bh6 Bg7 
15.Bxg7 Kxg7 16.Qc2 Bd7 17.Qb2+ f6 18.Qxb7 Qd6 
19.Qb3 Rfb8 20.Qc3 Rxb1 21.Rxb1 Rb8 22.Rc1 e6 
23.g3 Rc8 24.Qa5 Qb6 25.Qc3 1/2-1/2

[Event "HCL-M006"]
[Site "www.playchess.de"]
[Date "2001.04.10"]
[Round "11"]
[White "Zsozso"]
[Black "Bronislaw"]
[WhiteElo "2200"]
[BlackElo "2371"]
[PlyCount "51"]
[Result "1-0"]

1.e4 {Hello again.}  c5 {Nice to meet you again!}  
2.Nf3 d6 {Good luck!}  3.d4 cxd4 4.Nxd4 Nf6 5.Nc3 
g6 6.f4 Nc6 7.Nxc6 bxc6 8.e5 Nd7 9.exd6 exd6 
10.Be3 Nf6 11.Qd2 Bg7 12.O-O-O d5 13.Bc5 Be6 
14.Qd4 Qa5 15.g4 Nh5 16.Qe3 Nxf4 17.Bd4 Bh6 18.Kb1 
O-O 19.g5 Bxg5 20.h4 Bh6 21.h5 Bg4 22.hxg6 fxg6 
23.Qe5 Ne6 24.Qh8+ Kf7 25.Qxh7+ Bg7 
26.Bd3 1-0

[Event "HCL-C185"]
[Site "www.playchess.de"]
[Date "2001.04.10"]
[Round "24"]
[White "wael"]
[Black "craigsadler"]
[WhiteElo "1000"]
[BlackElo "552"]
[PlyCount "67"]
[Result "1-0"]

1.e4 {hi}  c6 {hi!  good luck!}  2.d4 {you too}  
d5 3.Nd2 dxe4 4.Nxe4 Nf6 5.Ng5 h6 6.N5f3 Bf5 7.Bc4 
e6 8.Ne2 Nbd7 9.Ng3 Bh7 10.O-O Bd6 11.c3 Bxg3 
12.hxg3 Nb6 13.Bd3 Bxd3 14.Qxd3 O-O 15.Ne5 Nbd7 
16.f4 Nxe5 17.fxe5 Nd5 18.b3 b5 19.Ba3 Re8 20.Bd6 
f6 21.exf6 Nxf6 22.Be5 Nd5 23.c4 bxc4 24.bxc4 Nb4 
25.Qg6 Re7 26.Rf3 Qe8 27.Qe4 Rf7 28.Raf1 Rxf3 
29.Rxf3 Nxa2 30.Qg4 g5 31.Rf6 Rd8 32.Rxh6 Qe7 
33.Qh5 Kf8 34.Rh8+ 1-0

[Event "HCL-M006"]
[Site "www.playchess.de"]
[Date "2001.04.10"]
[Round "33"]
[White "bundyboy"]
[Black "SanjeevChhiber"]
[WhiteElo "2200"]
[BlackElo "2200"]
[PlyCount "29"]
[Result "1-0"]

1.e4 {Let`s play some chess!}  c5 {ho}  2.g3 Nc6 
{howdy}  3.Bg2 d6 4.f4 Nf6 5.d3 Nd4 6.Nf3 Bg4 
7.Nbd2 e6 8.c3 Nxf3+ 9.Nxf3 h6 10.h3 Bh5 11.g4 Bg6 
12.O-O Be7 13.Qb3 b6 14.f5 exf5 
15.exf5 1-0

[Event "HCL-B190"]
[Site "www.playchess.de"]
[Date "2001.04.10"]
[Round "17"]
[White "reboot"]
[Black "GKChesterton"]
[WhiteElo "1200"]
[BlackElo "1500"]
[PlyCount "25"]
[Result "1-0"]

1.d4 d5 2.c4 Nf6 3.Bg5 h6 4.Bxf6 gxf6 5.Nf3 e6 
6.Qd3 c5 7.cxd5 exd5 8.e4 Be6 9.Qb5+ Qd7 10.Bd3 a6 
11.Qxd7+ Nxd7 12.h3 c4 13.Bc2 1-0

[Event "HCL-B190"]
[Site "www.playchess.de"]
[Date "2001.04.10"]
[Round "19"]
[White "sarek"]
[Black "GKChesterton"]
[WhiteElo "1112"]
[BlackElo "1500"]
[PlyCount "27"]
[Result "1-0"]

1.e4 e5 2.Nf3 Nc6 3.Bc4 h6 4.d4 d6 5.d5 Nb8 6.Bd3 
c6 7.c4 Nd7 8.O-O Nb6 9.Nc3 f5 10.exf5 Ne7 11.Qc2 
cxd5 12.cxd5 Nbxd5 13.Nxd5 Nxd5 
14.Re1 1-0

[Event "ACL-A087"]
[Site "www.playchess.de"]
[Date "2001.04.10"]
[Round "6"]
[White "Fiver"]
[Black "dgrudny"]
[WhiteElo "1500"]
[BlackElo "1500"]
[PlyCount "53"]
[Result "1-0"]

1.c4 Nf6 2.Nc3 e6 3.e4 d5 4.e5 d4 5.exf6 dxc3 
6.bxc3 Qxf6 7.d4 e5 8.Qe2 {I shall be away from 
later today until Sunday afternoon so will 
probably not move again until Monday}  Nc6 9.f4 
Bf5 10.fxe5 Qh4+ 11.g3 Qe4 12.Nf3 O-O-O 13.Qxe4 
Bxe4 14.Be2 Be7 15.O-O h6 16.Nh4 Bxh4 17.gxh4 f5 
18.exf6 gxf6 19.Rxf6 Rdg8+ 20.Kf1 Rg2 21.Rf4 Rhg8 
22.Rxe4 R2g1+ 23.Kf2 R8g2+ 24.Ke3 Rxh2 25.Kd3 Rh3+ 
26.Kc2 Rgh1 27.Bg4+ 1-0

[Event "HCL-E029"]
[Site "www.playchess.de"]
[Date "2001.04.10"]
[Round "10"]
[White "Ivanchico"]
[Black "klypp"]
[WhiteElo "2000"]
[BlackElo "2132"]
[PlyCount "64"]
[Result "1/2-1/2"]

1.d4 {Hi!}  Nf6 2.c4 e6 {Hello from Norway!}  
3.Nf3 {Let's have a good game!}  b6 4.g3 Bb7 5.Bg2 
Be7 6.O-O O-O 7.Nc3 Ne4 8.Bd2 f5 9.Rc1 Bf6 10.d5 
Na6 11.a3 c6 12.dxe6 dxe6 13.b4 Nxd2 14.Qxd2 c5 
15.b5 Qxd2 16.Nxd2 Bxg2 17.Kxg2 Nc7 18.Rfd1 Rfd8 
19.Ndb1 Kf7 20.f4 e5 21.Rxd8 Rxd8 22.Rd1 Rxd1 
23.Nxd1 Ke6 24.Nd2 exf4 25.gxf4 h6 26.Kf3 g5 
27.fxg5 Bxg5 28.e3 a6 29.bxa6 Nxa6 30.Nc3 Nc7 
31.Na4 Na8 32.Nb1 Ke5 1/2-1/2

[Event "HCL-A080"]
[Site "www.playchess.de"]
[Date "2001.04.10"]
[Round "8"]
[White "Blitzmich"]
[Black "arunkumar"]
[WhiteElo "1844"]
[BlackElo "1700"]
[PlyCount "63"]
[Result "1-0"]

1.d4 {Hallo from Jena / Germany}  Nf6 {hello from 
bangalore/india. best of luck}  2.c4 g6 3.Nc3 Bg7 
4.e4 d6 5.Bd3 O-O 6.Nf3 Bg4 7.Be3 Nbd7 8.h3 Bxf3 
9.Qxf3 Rc8 10.O-O c5 11.d5 Ne5 12.Qe2 Nxd3 13.Qxd3 
a6 14.f4 b5 15.cxb5 axb5 16.Nxb5 Qa5 17.Na3 Rfd8 
18.Nc4 Qc7 19.f5 Nd7 20.fxg6 hxg6 21.a4 Nb6 22.Ra2 
Nxc4 23.Qxc4 Rcb8 24.Rb1 Rb4 25.Qc2 Rdb8 26.a5 Ra8 
27.Bd2 Bd4+ 28.Kh1 Rb7 29.Qc4 Be5 30.a6 Rba7 
31.Bc3 Bxc3 32.bxc3 1-0

[Event "HCL-A080"]
[Site "www.playchess.de"]
[Date "2001.04.10"]
[Round "10"]
[White "hamgon"]
[Black "arunkumar"]
[WhiteElo "1724"]
[BlackElo "1700"]
[PlyCount "45"]
[Result "1-0"]

1.d4 {Hi arunkumar, and Good Luck for you!}  Nf6 
{Wish you the same hamgon}  2.c4 {ok thanks}  g6 
3.Nc3 Bg7 4.e4 d6 5.f3 O-O 6.Be3 Nbd7 7.Qd2 e5 
8.Nge2 c6 9.d5 c5 10.g4 a6 11.a3 Rb8 12.Ng3 Nb6 
13.g5 Ne8 14.h4 f5 15.gxf6 Nxf6 16.Bh6 Bd7 17.h5 
Be8 18.hxg6 Bxg6 19.Bxg7 Kxg7 20.Qh6+ Kf7 21.b3 
Nc8 22.Bh3 Ne7 23.Be6+ 1-0

[Event "HCL-C188"]
[Site "www.playchess.de"]
[Date "2001.04.10"]
[Round "13"]
[White "Niloc"]
[Black "craigsadler"]
[WhiteElo "1000"]
[BlackElo "549"]
[PlyCount "112"]
[Result "0-1"]

1.d4 c6 2.e4 d5 3.e5 Bf5 4.Bd3 Bxd3 5.Qxd3 e6 
6.Nf3 Nd7 7.Bd2 c5 8.c3 Qb6 9.b3 cxd4 10.cxd4 Bb4 
11.O-O Ne7 12.Nc3 O-O 13.Rac1 Rac8 14.Qb5 Bxc3 
15.Qxb6 Nxb6 16.Bxc3 Rc6 17.Bb4 Re8 18.Rxc6 Nxc6 
19.Bc5 h6 20.a4 Nc8 21.Rc1 b6 22.Bd6 Na5 23.Nd2 
Nxd6 24.exd6 Rd8 25.Rc7 Rxd6 26.f4 Nc6 27.Kf2 f5 
28.h3 a5 29.Nf3 Nb4 30.Ne5 Kh7 31.h4 Nc2 32.h5 
Nxd4 33.Rc8 g6 34.Rc7+ Kg8 35.Nxg6 Nxb3 36.Ne7+ 
Kf8 37.Ng6+ Ke8 38.Re7+ Kd8 39.Rh7 d4 40.Rxh6 d3 
41.Rh8+ Kd7 42.Ne5+ Kc7 43.h6 d2 44.Rh7+ Kc8 
45.Rf7 d1Q {%}  46.h7 Rd2+ 47.Kg3 Qe1+ 48.Kh3 Qh1+ 
49.Kg3 Qxg2+ 50.Kh4 Qh2+ 51.Kg5 Rd8 52.Kg6 Qg3+ 
53.Kh6 Qxf4+ 54.Kg7 Qxe5+ 55.Kh6 Rh8 56.Rg7 
Qxg7+ 0-1

[Event "HCL-A080"]
[Site "www.playchess.de"]
[Date "2001.04.10"]
[Round "15"]
[White "arunkumar"]
[Black "swiety"]
[WhiteElo "1700"]
[BlackElo "1700"]
[PlyCount "50"]
[Result "0-1"]

1.d4 {best of luck}  Nf6 {hello from nyc}  2.c4 e6 
{where you from?}  3.Nf3 {from 
bangalore,India.Which city do you live?}  Bb4+ 
{new york city (nyc)}  4.Bd2 a5 5.Nc3 b6 6.e3 Bb7 
7.Be2 O-O 8.O-O Re8 9.Rc1 d6 10.a3 Bxc3 11.Bxc3 
Nbd7 12.b3 Ne4 13.Bb2 f5 14.Bd3 Ng5 15.Be2 Ne4 
16.Nd2 Nxd2 17.Qxd2 Qg5 18.f3 e5 19.d5 Nc5 20.Qd1 
Qxe3+ 21.Kh1 Qxb3 22.Rc2 Na4 23.Bc1 Ba6 24.Qd2 
Rad8 25.Re1 e4 0-1

[Event "HCL-E029"]
[Site "www.playchess.de"]
[Date "2001.04.10"]
[Round "12"]
[White "flavoie"]
[Black "DKCozy"]
[WhiteElo "2000"]
[BlackElo "1711"]
[PlyCount "58"]
[Result "0-1"]

1.e4 {salut mon ami. Je te souhaite bonne 
partie...}  b6 {My french aint good But I to hope 
for a good game, my home page is also in french 
:)}  2.d4 Bb7 3.Bd3 f5 4.Nd2 Nf6 5.f3 fxe4 6.fxe4 
d6 7.Ngf3 Nbd7 8.O-O e5 9.c3 Qe7 10.Qa4 g6 11.Ba6 
Bxa6 12.Qxa6 Bg7 13.Qb7 O-O 14.Qc6 Rac8 15.Qc4+ 
Kh8 16.d5 a5 17.Nb3 Nh5 18.Bd2 Rf7 19.Ng5 Rxf1+ 
20.Rxf1 Nhf6 21.Ne6 Nf8 22.Nxg7 Kxg7 23.Bg5 N8d7 
24.Nd2 h6 25.Bh4 g5 26.Bf2 Qe8 27.b3 Nf8 28.Qa6 
Ng6 29.Be3 Ng4 0-1

[Event "HCL-A080"]
[Site "www.playchess.de"]
[Date "2001.04.10"]
[Round "20"]
[White "Dr_Marinko"]
[Black "arunkumar"]
[WhiteElo "1700"]
[BlackElo "1700"]
[PlyCount "57"]
[Result "1-0"]

1.e4 e5 {all the best}  2.Bc4 {hi...good luck!}  
Nf6 3.Nc3 Bc5 4.d3 d6 5.Bg5 c6 6.h3 Nbd7 7.Nf3 O-O 
8.a3 b5 9.Ba2 Re8 10.O-O Nf8 11.Ne2 h6 12.Bh4 Be6 
13.Bxe6 Nxe6 14.Nh2 g5 15.Bg3 Nh5 16.Ng4 Kg7 17.c3 
Nxg3 18.Nxg3 Rh8 19.Nh5+ Kf8 20.a4 Nf4 21.Ngf6 
Nxh5 22.Nxh5 Rg8 23.axb5 cxb5 24.d4 exd4 25.cxd4 
Bb6 26.g4 Rc8 27.d5 Rc4 28.Qf3 Qe7 
29.Rac1 1-0

[Event "HCL-E029"]
[Site "www.playchess.de"]
[Date "2001.04.10"]
[Round "20"]
[White "mariuszk"]
[Black "klypp"]
[WhiteElo "2012"]
[BlackElo "2132"]
[PlyCount "66"]
[Result "0-1"]

1.e4 c5 2.Nc3 Nc6 3.g3 g6 4.Bg2 Bg7 5.d3 d6 6.Be3 
Nh6 7.f3 f5 8.Nge2 O-O 9.O-O Bd7 10.Qd2 Nf7 11.f4 
Nd4 12.Nd1 Nxe2+ 13.Qxe2 Qc7 14.c3 Rab8 15.exf5 
Bxf5 16.g4 Bd7 17.d4 cxd4 18.cxd4 a6 19.Nc3 e6 
20.Rac1 Qa5 21.Bf2 b5 22.Rfd1 b4 23.Ne4 Qxa2 
24.Rc7 Rbd8 25.Bh4 Ba4 26.Qxa6 Rda8 27.Ra7 Qb3 
28.Rd2 Bb5 29.Qa5 Bxd4+ 30.Bf2 Rxa7 31.Qxb5 Ra1+ 
32.Bf1 Bxf2+ 33.Kxf2 Ne5 0-1

[Event "HCL-E029"]
[Site "www.playchess.de"]
[Date "2001.04.10"]
[Round "21"]
[White "flavoie"]
[Black "mariuszk"]
[WhiteElo "2000"]
[BlackElo "2012"]
[PlyCount "44"]
[Result "0-1"]

1.Nf3 {salut mon ami, je te souhaite une bonne 
partie...}  f5 {same to you}  2.d4 Nf6 3.c4 g6 
4.Nc3 Bg7 5.e3 O-O 6.Bd3 d6 7.O-O Nc6 8.d5 Ne5 
9.Nxe5 dxe5 10.e4 f4 11.c5 g5 12.Bc4 Kh8 13.b4 g4 
14.Kh1 Qe8 15.f3 g3 16.h3 Qh5 17.Qe2 Ne8 18.Rd1 
Rf6 19.Kg1 Rg6 20.Bb5 Bxh3 21.gxh3 g2 22.Bd7 
Nf6 0-1

[Event "ACL-A105"]
[Site "www.playchess.de"]
[Date "2001.04.10"]
[Round "3"]
[White "pgschumy"]
[Black "Chess_man_Mark"]
[WhiteElo "1500"]
[BlackElo "1500"]
[PlyCount "53"]
[Result "1-0"]

1.e4 {Hi man Mark!}  e5 {Hello to you also}  2.Nf3 
Nc6 3.Bb5 d6 4.d4 Bg4 5.d5 a6 6.Bxc6+ bxc6 7.dxc6 
Ne7 8.h3 Bc8 9.Nc3 Be6 10.O-O d5 11.Nxe5 d4 12.Ne2 
f6 13.Nf3 Nxc6 14.Nexd4 Qd6 15.Nxe6 Qxe6 16.Re1 
Rd8 17.Qe2 a5 18.Bf4 Bd6 19.Bxd6 Rxd6 20.a3 O-O 
21.Rad1 Rfd8 22.Rxd6 Rxd6 23.e5 fxe5 24.Nxe5 Nxe5 
{I see no ther solution than a draw in this game}  
25.Qxe5 {??? 2 pawns for me!}  Qxe5 {I suppose 
youdo have a point? But that's only two points, 
nothing major}  26.Rxe5 {This comment is very 
strange!}  Rd2 27.Rc5 1-0

[Event "HCL-E031"]
[Site "www.playchess.de"]
[Date "2001.04.10"]
[Round "32"]
[White "Sith"]
[Black "edwardchess"]
[WhiteElo "2000"]
[BlackElo "1984"]
[PlyCount "51"]
[Result "1/2-1/2"]

1.d4 e6 {Looking forward to an interesting game.  
Regards,  Ed}  2.e4 d5 3.Nc3 Bb4 4.e5 c5 5.a3 
Bxc3+ 6.bxc3 Qc7 7.Nf3 b6 8.a4 Ba6 9.Bxa6 Nxa6 
10.Qe2 Nb8 11.a5 bxa5 12.Ba3 Nd7 13.dxc5 Ne7 14.c6 
Qxc6 15.O-O Qxc3 16.Rfd1 Nc6 17.Bd6 Qc4 18.Qe3 Qe4 
19.Qb3 Nb6 20.c4 Qxc4 21.Qa3 Qa6 22.Rac1 Nc4 
23.Qc3 Rc8 24.Nd2 Nxd6 25.exd6 Rg8 
26.Ne4 1/2-1/2

[Event "HCL-C200"]
[Site "www.playchess.de"]
[Date "2001.04.10"]
[Round "4"]
[White "lienk"]
[Black "foxzy"]
[WhiteElo "1083"]
[BlackElo "614"]
[PlyCount "129"]
[Result "1/2-1/2"]

1.e4 {ni shi hua ren ma?}  Nc6 {Sure! Dang ran! So 
you're Chinese too?}  2.Nf3 {Yes. Chinese 
Indonesian}  d6 3.Bb5 Bd7 4.d4 a6 {Hello! Where 
are you?}  5.Ba4 {Jakarta, Indonesia. What about 
you?}  b5 {Recently, I'm in Princeton, USA.}  
6.Bb3 Nf6 7.Ng5 e6 8.d5 exd5 {Good night!}  9.Bxd5 
Nxd5 {Good morning!}  10.Qxd5 Ne5 11.Bf4 Bc6 
12.Nxf7 {That was fast. Was it morning in 
princeton too?}  Bxd5 13.Nxd8 Bxe4 {It is evening 
in Princeton.}  14.Ne6 Kd7 15.Nxf8+ Rhxf8 16.Bxe5 
dxe5 17.O-O Bxc2 18.Nc3 Rae8 19.Rac1 Bg6 20.Rfd1+ 
Kc8 21.Nd5 {What do think of the Falungong Saga?}  
Rf7 22.Rc6 Kb7 {I have no idea about Falunggong.}  
23.Rdc1 {I saw it in CNN. I don't believe the news 
nor the govt.}  Rc8 {I do not believe them too. 
But we do not know the truth.}  24.Nb4 a5 25.Nd5 
Be4 26.R6c5 c6 27.Nc3 Bd3 28.Rxe5 Kb6 29.Nd5+ Kb7 
30.Nc3 Rd7 31.h3 g6 32.Rd1 {Are you a student at 
Princeton?}  Kb6 33.f3 Rcd8 34.Rde1 a4 {No. I'm a 
visitor.}  35.R5e7 h5 36.R1e5 Ka5 37.a3 Bc4 38.Kh2 
Kb6 39.Kg3 Rxe7 40.Rxe7 Rd2 41.Rg7 Bd3 42.Ne4 Bxe4 
43.fxe4 Rxb2 44.Rxg6 Rb3+ 45.Kh4 Rxa3 46.Kxh5 Re3 
47.Re6 a3 48.Re8 Kc5 49.Ra8 Kb4 50.g4 Rxe4 51.g5 
Kb3 52.g6 Re7 53.Kh6 {We are like playing 
real-time chess.}  a2 54.g7 Rxg7 55.Kxg7 Kb2 56.h4 
b4 57.h5 a1Q {%}  58.Rxa1 Kxa1 59.h6 b3 60.h7 b2 
61.h8Q {%}  b1Q {%}  62.Qa8+ Qa2 63.Qxc6 Qa7+ 
64.Kf6 Qf2+ 65.Ke6 {How do you draw the game} 
 1/2-1/2

[Event "HCL-C200"]
[Site "www.playchess.de"]
[Date "2001.04.10"]
[Round "15"]
[White "flywheel"]
[Black "king"]
[WhiteElo "1211"]
[BlackElo "869"]
[PlyCount "49"]
[Result "1-0"]

1.e4 b6 2.Bb5 Ba6 3.Ba4 c6 4.d3 e6 5.Nf3 Bb4+ 
6.Nc3 Qf6 7.O-O Bxc3 8.bxc3 Qxc3 9.Bg5 h6 10.Bh4 
c5 11.d4 Bxf1 12.Qxf1 cxd4 13.Rd1 g5 14.Bg3 Qa3 
15.Bb3 Nc6 16.Nxd4 Nxd4 17.Rxd4 Nf6 18.e5 Nh5 
19.Qb5 Qc1+ 20.Qf1 Qxf1+ 21.Kxf1 f5 22.exf6 Nxf6 
23.Be5 Rf8 24.Ba4 Nd5 25.c4 1-0

[Event "HCL-C200"]
[Site "www.playchess.de"]
[Date "2001.04.10"]
[Round "16"]
[White "Nutz"]
[Black "lienk"]
[WhiteElo "1101"]
[BlackElo "1083"]
[PlyCount "68"]
[Result "0-1"]

1.e4 {Hi there}  e5 2.Bc4 Nf6 3.d3 Bc5 4.Be3 Bxe3 
5.fxe3 d5 6.exd5 Nxd5 7.Qf3 c6 8.Qe4 Qg5 9.Ne2 Be6 
10.h4 Qxe3 11.Qxe3 Nxe3 {Hi, I am from Indonesia, 
where are you from?}  12.Na3 {I'm originally from 
England but I live in South Africa}  O-O 13.d4 
Bxc4 14.Kd2 Bxe2 15.Kxe3 Bg4 16.dxe5 Nd7 17.Kf4 h5 
18.Nc4 Rae8 19.Rae1 f6 20.exf6 Rxf6+ 21.Kg3 Be2 
22.b3 b5 23.Nd2 Re3+ 24.Nf3 Ne5 25.Kf2 Ng4+ 26.Kg3 
Bxf3 27.Rxe3 Nxe3 28.gxf3 Nxc2 29.Rf1 a5 30.f4 c5 
31.f5 Ne3 32.Re1 Nxf5+ 33.Kf4 Nxh4+ 34.Kg5 
Nf3+ 0-1

[Event "HCL-C202"]
[Site "www.playchess.de"]
[Date "2001.04.10"]
[Round "8"]
[White "belgianaztec"]
[Black "DC"]
[WhiteElo "1000"]
[BlackElo "1000"]
[PlyCount "65"]
[Result "1-0"]

1.e4 Nc6 2.d4 e6 3.Nf3 d5 4.e5 Bb4+ 5.c3 Ba5 6.Bd3 
f6 7.Bf4 fxe5 8.Bxe5 Nxe5 9.Nxe5 Qg5 10.O-O Ne7 
11.Nd2 Nc6 12.Ndf3 Qf6 13.Qa4 Bb6 14.Nxc6 Bd7 
15.Nfe5 bxc6 16.Ba6 Qe7 17.Bb7 Rb8 18.Bxc6 Bxc6 
19.Qxc6+ Kd8 20.Qb5 Kc8 21.a4 Qd6 22.Qa6+ Rb7 
23.Nf7 Qf8 24.Nxh8 Qxh8 25.a5 Bxd4 26.cxd4 g5 
27.Ra4 Qf8 28.Qxe6+ Kb8 29.b4 Rxb4 30.Rxb4+ Qxb4 
31.Qxd5 g4 32.Qe4 Qxa5 33.Rb1+ 1-0

[Event "HCL-B201"]
[Site "www.playchess.de"]
[Date "2001.04.10"]
[Round "8"]
[White "thg007"]
[Black "SAROS"]
[WhiteElo "1200"]
[BlackElo "1256"]
[PlyCount "51"]
[Result "1-0"]

1.e4 {Hi, Saros, how are you?}  b6 {Thanks thg007 
, fine... and you ?}  2.Nf3 {I'm fine too, thank 
you.}  Bb7 3.Nc3 {Hi, Saros, Greetings from 
Ma;aysia. And you're from ...?}  e6 {...from 
Istanbul,Turkey}  4.d4 {Historic city. Are you 
working/studying?}  Bb4 {working at a  bank ' s 
branch as an operational  manager}  5.Bd2 {Quite 
close to my profession - I'm an accountant, 42 
years young. How young are you?}  Nf6 {i am 38 
years old}  6.a3 Bxc3 7.Bxc3 {Married?}  Nxe4 {yes 
and have a son 5 years old , and you ?}  8.Bd3 
{I'm an accountant, 42 years young. Married. Two 
kids.}  Nxc3 9.bxc3 {Two sons, 15 and 9.}  Nc6 
{nice to meet again :-)}  10.O-O {Same here.}  Qf6 
11.Rb1 O-O 12.a4 {Congratulation to your Gatasaray 
FC's fine showing in Europe.}  Na5 {thanks , i am 
a fan of GS.}  13.Qe2 {so who do you think will 
win the Champion's Cup?}  Bxf3 {i think 
B.Munchen...}  14.Qxf3 {I think the winner of 
Man.U-Bayern match will go all the way and be the 
Champion. What do you think?}  Qxf3 {i know that 
the German football quality not well todays  but  
i think  they will win at this time}  15.gxf3 
{Well, I think this year's last 8 are all very 
balanced teams, so anything can happen.}  f5 {yes 
, you are right.}  16.Kh1 {How about your 
prediction on the UEFA Cup? Last year Gatasalay 
won it.}  Rf6 {i say Liverpool}  17.Rfg1 {I agree 
with you.}  Raf8 18.c4 Nc6 19.d5 exd5 20.cxd5 Nd4 
21.Rg3 {How do you see the coming World Cup 
qualification? You reckon your country can make it 
to Japan?}  Kh8 {i think Turkey can join World 
Cup}  22.c3 f4 23.Rh3 Nf5 24.Rb4 Nh6 25.Rh5 Ng8 
26.Rxh7+ 1-0